| Record ID | marc_uic/UIC_2022.mrc:101667671:1115 |
| Source | marc_uic |
| Download Link | /show-records/marc_uic/UIC_2022.mrc:101667671:1115?format=raw |
LEADER: 01115cam a2200337I 4500
001 9927902312005897
005 20200411015558.0
008 900530s1872 enk 000 0 eng
010 $a28014636
035 $a5541799-01carli_network
035 $a(OCoLC)ocm03083636
035 $9ARQ-3811
035 $9UC 07020281
035 $a(UIUdb)2543902
035 $a(EXLNZ-01CARLI_NETWORK)991040020089705816
040 $aDLC$cFDA$dFDA$dUIU$dUIUdb
049 $aUIUU
050 0 $aPR5250$b.E71 vol.4
090 $aN7445$b.R713$9LOCAL
100 1 $aRuskin, John,$d1819-1900.
245 14 $aThe eagle's nest.$bTen lectures on the relation of natural science to art, given before the University of Oxford in Lent term, 1872.$cBy John Ruskin.
250 $a1st ed.
260 $aLondon :$bPrinted for the author by Smith, Elder & Co., and sold by G. Allen, Keston, Kent,$c1872.
300 $aviii, 232 p.$c22 cm.
490 0 $aThe works of John Ruskin,$vv. 4
650 0 $aArt and science.
910 $arcp7243
910 $aMARS
959 $a(UIUdb)2543902
959 $a(UICdb)279023$9LOCAL
994 $a02$bUIU